Constitucin̤ mexicana para niǫs y jv̤enes de edad, y de espr̕itu

Bibliographic Details
Main Author: Moreno Garavilla, Jaime Miguel
Format: eBook
Language:Spanish
Published: Ciudad de Mx̌ico: Cm̀ara de Diputados, 2007
Subjects:
Online Access:Acceso restringido

MARC

LEADER 00000nam a22000007a 4500
005 20171010162831.0
007 cr|||| ||||
008 171010s2007 mx |||||s|||| 00||0 spa d
020 |a 978-607-00-8136-1 
035 |a 20657 
040 |a vLex 
090 |c 7115  |d 7115 
100 1 |a Moreno Garavilla, Jaime Miguel 
245 1 0 |a Constitucin̤ mexicana para niǫs y jv̤enes de edad, y de espr̕itu  |h [Recurso electrn̤ico] /  |c Jaime Miguel Moreno Garavilla 
256 |a Servicio en ln̕ea 
260 |a Ciudad de Mx̌ico:  |b Cm̀ara de Diputados,  |c 2007 
300 |a 1 recurso electrn̤ico 
506 1 |a Disponible solo en los productos indicados  |d vLex Global  |d vLex Global (Academic Edition, excluding Law Schools)  |d vLex Global (U.S. Academic Edition, Law Schools)  |d vLex Global (U.S. Academic Edition, excluding Law Schools)  |d vLex Global (Academic Edition, Law Schools) 
650 0 4 |a Derecho constitucional  |z Mx̌ico 
740 0 |a vLex Libros (Servicio en ln̕ea) 
856 4 0 |u http://vlex.com/source/constitucion-mexicana-para-ni-os-y-jovenes-de-edad-y-de-espiritu-20657  |z Acceso restringido 
942 |c BOOK 
999 0 |a Constitutional law